000 00561nam a2200181Ia 4500
008 090123s9999 xx 000 0 und d
082 _b41643
100 _aकाळे सुभाष
245 _aवंदासिंह बहादूर
250 _a1
260 _bअमोद प्रकाशन
_c2007
300 _a346
600 _aकाळे सुभाष
630 _aवंदासिंह बहादूर
700 _aकाळे सुभाष
730 _aवंदासिंह बहादूर
942 _cBOOK
999 _c79721
_d79721